ბათუმის შოთა რუსთაველის სახელმწიფო უნივერსიტეტის ბიბლიოთეკა

Ateismo y religiosidad / (ბიბ.ჩანაწერი № 56907)

000 -LEADER
fixed length control field 00555nam a22001817a 4500
005 - DATE AND TIME OF LATEST TRANSACTION
control field 20190612184359.0
008 - FIXED-LENGTH DATA ELEMENTS--GENERAL INFORMATION
fixed length control field 190612s2005 sp ||||| |||| 00| 0 esp d
020 ## - INTERNATIONAL STANDARD BOOK NUMBER
International Standard Book Number 9509402354X
041 ## - LANGUAGE CODE
Language code of text/sound track or separate title esp
080 ## - UNIVERSAL DECIMAL CLASSIFICATION NUMBER
Universal Decimal Classification number 2(82) B-84
100 ## - MAIN ENTRY--PERSONAL NAME
Personal name Brankel, Jurgen
9 (RLIN) 2465
245 ## - TITLE STATEMENT
Title Ateismo y religiosidad /
Statement of responsibility, etc. Jurgen Brankel; Editor Juan Carlos Maldonado.
264 ## - PRODUCTION, PUBLICATION, DISTRIBUTION, MANUFACTURE, AND COPYRIGHT NOTICE
Place of production, publication, distribution, manufacture Cordoba :
Name of producer, publisher, distributor, manufacturer Alcion Editora
Date of production, publication, distribution, manufacture, or copyright notice 2005
300 ## - PHYSICAL DESCRIPTION
Extent 78 p.;
Other physical details 20 cm.
653 ## - INDEX TERM--UNCONTROLLED
keyword რელიგია
700 ## - ADDED ENTRY--PERSONAL NAME
Personal name Maldonado, Juan Carlos
Relator term რედაქტორი
9 (RLIN) 2466
942 ## - ADDED ENTRY ELEMENTS (KOHA)
Source of classification or shelving scheme
Koha item type წიგნი
ეგზემპლარები
Withdrawn status Lost status Source of classification or shelving scheme Damaged status Not for loan Permanent Location Current Location Shelving location Date acquired Full call number Barcode Date last seen Copy number Price effective from Koha item type Public note
          ბათუმის შოთა რუსთაველის სახელმწიფო უნივერსიტეტის მთავარი ბიბლიოთეკა ბათუმის შოთა რუსთაველის სახელმწიფო უნივერსიტეტის მთავარი ბიბლიოთეკა წიგნსაცავი 2018-12-17 2(44) B-84 4790 2018-12-17 4790 2018-12-17 წიგნი